| 000 | 00676nam a2200217 i 4500 | ||
|---|---|---|---|
| 001 | 71988 | ||
| 003 | ES-MaACL | ||
| 005 | 20250808021406.0 | ||
| 007 | t| | ||
| 008 | 040823s1957 sp ||||1| spa d | ||
| 100 | 0 |
_aGil de Biedma, Jaime, _d1929-1990 _956787 |
|
| 245 | 1 | 0 |
_aCompañeros de viaje / _cJaime Gil de Biedma ; cubierta de José María de Martín. |
| 260 |
_aBarcelona : _bHorta, _c[1957] ( _fFrontis) |
||
| 300 |
_a81 p. ; _c19 cm. |
||
| 490 | 1 | _aFe de Vida | |
| 700 | 1 |
_aMartín, José María de. _977325 |
|
| 830 | 0 | 0 |
_aFe de vida. _pPoesía y ensayo _v3 _9230108 |
| 852 |
_aES-MaACL _jC-17763 _bR.44799 |
||
| 942 | _2udc | ||
| 999 |
_c71988 _d71988 |
||